| 000 | 00471nam a2200157Ia 4500 | ||
|---|---|---|---|
| 008 | 210716s2003 xx 000 0 und d | ||
| 020 | _a047139128X | ||
| 041 | _aeng | ||
| 082 | _a574.87322 SACC | ||
| 100 | _aSaccone, Cecilia; Pesole, Graziano. | ||
| 245 |
_aHandbook of comparative genomics: principles and methodology. _bPrinciples and methodology. |
||
| 250 | _a1 | ||
| 260 |
_aCanada _bJohn Wiley and Sons _c2003 |
||
| 300 | _axiii,427 | ||
| 650 | _aBioinformatics | ||
| 999 |
_c187171 _d187171 |
||